La fine di Harold /

সংরক্ষণ করুন:
গ্রন্থ-পঞ্জীর বিবরন
প্রধান লেখক: LeRoy, J. T. (লেখক)
অন্যান্য লেখক: Testa, Martina
বিন্যাস: গ্রন্থ
ভাষা:ইতালিয়
ইংরেজি
প্রকাশিত: Roma : Fazi, 2003
মালা:Lain ; 1
ট্যাগগুলো: ট্যাগ যুক্ত করুন
কোনো ট্যাগ নেই, প্রথমজন হিসাবে ট্যাগ করুন!

MARC

LEADER 00000nam a2200000 i 4500
001 IT\ICCU\UBO\2158602
003 ItRI
005 20260115231939.0
008 030404s2003 it |||||| ||||| |||||c
015 |2 IT  |a 2004-5510 
020 |a 8881123878 
040 |b ita  |c importazione bologna sebina 
041 7 |a ita  |a eng  |2 ISO-639-2 
082 |a 813.6  |9 NARRATIVA AMERICANA IN LINGUA INGLESE, 2000-  |2 21 
100 1 |a LeRoy, J. T.  |0 IT\ICCU\RAVV\245539  |4 aut 
240 1 0 |a Haroldʼs end.  |3 IT\ICCU\CFI\0582843  |9 LeRoy, J. T. 
245 1 3 |a La fine di Harold /  |c J. T. LeRoy ; traduzione di Martina Testa. 
260 |a Roma :  |b Fazi,  |c 2003 
300 |a 89 p. ;  |c 22 cm 
500 |a Testo orig. a fronte. 
500 |a traduzione di  |0 IT\ICCU\LO1V\181995 
700 1 |a Testa, Martina  |0 IT\ICCU\LO1V\181995 
790 1 |a Albert, Laura Victoria  |3 IT\ICCU\PALV\055422  |z LeRoy, J. T. 
830 0 |a Lain ;  |v 1  |0 IT\ICCU\LO1\0744369 
942 |2 ddc  |c BK  |n 0 
952 |0 0  |1 0  |4 0  |6 DOC_813_600000000000000_LER  |7 0  |9 17482  |a BO  |b BO  |d 2026-01-15  |i 7413  |l 0  |o DOC 813.6 LER  |p BO7413  |r 2026-01-15 23:19:39  |w 2026-01-15  |x [Sebina 5] [1 v.]  |y BK  |z 1 v. 
999 |c 14909  |d 14909